International journal of ayurveda research

Detalles Bibliográficos
Autor Corporativo: India. Department of Ayurveda, Yoga & Naturopathy, Unani, Siddha, and Homoeopathy
Formato: Electrónico Revista
Lenguaje:inglés
Publicado: Mumbai : Medknow Publications
Materias:
Acceso en línea:Full text available from Research Library: 01/01/2010 to 01/31/2011

MARC

LEADER 00000nas a2200000 a 4500
001 ssj0000330059
003 WaSeSS
005 20200512172242.0
006 m d
007 cr n
008 100825d20102013ii qr p s f0 0eng c
010 |a  2010329514 
016 7 |a 101527491  |2 DNLM 
022 |a 0974-925X  |l 0974-7788 
025 |a I-D-E-2010-329514; 44-91 
035 |a (WaSeSS)ssj0000330059 
040 |a SHS  |b eng  |c SHS  |d OCLCQ  |d DLC  |d UAB  |d NLM  |d TJC  |d OCLCA  |d OCLCQ  |d IUL  |d OCLCO  |d OCLCA  |d OCLCF  |d OCLCA  |d OCLCO  |d OCLCQ  |d OCLCO  |d NLM  |d WaSeSS 
042 |a pcc 
060 0 0 |a W1  |b IN7655K 
210 0 |a Int. j. ayurveda res. (Print) 
210 1 0 |a Int J Ayurveda Res  |2 dnlm 
222 0 |a International journal of ayurveda research (Print) 
245 0 0 |a International journal of ayurveda research  |h [electronic resource]. 
246 1 3 |a IJAR 
260 |a Mumbai :  |b Medknow Publications 
310 |a Quarterly 
362 0 |a Vol. 1, issue 1 (Jan./Mar. 2010)- 
362 1 |a Ceased with December 2013. 
506 |a License restrictions may limit access. 
550 |a Publication of Dept. of AYUSH, Govt. of India. 
588 |a Latest issue consulted: Vol. 1, issue 4 (Oct./Dec. 2010). 
650 0 |a Medicine, Ayurvedic  |v Periodicals. 
650 1 2 |a Medicine, Ayurvedic. 
650 7 |a Medicine, Ayurvedic.  |2 fast  |0 (OCoLC)fst01015196 
655 0 |a Electronic journals. 
710 1 |a India.  |b Department of Ayurveda, Yoga & Naturopathy, Unani, Siddha, and Homoeopathy. 
856 4 0 |z Full text available from Research Library: 01/01/2010 to 01/31/2011  |u https://search.proquest.com/publication/226499